Loading...

Handbook of english grammar /

Bibliographic Details
Main Author: Zandvoort, R. W.
Format: Printed Book
Language:English
Published: ELBS, 1975.
Edition:7th ed.
Subjects:
LEADER 00503nam a2200157Ia 4500
008 150624b xxu||||| |||| 00| 0 eng d
082 |a 425 
100 |a Zandvoort, R. W. 
245 |a Handbook of english grammar /  |c R. W. Zandvoort 
250 |a 7th ed. 
260 |b ELBS,  |c 1975. 
300 |a 349 p. 
650 |x English grammar. 
942 |c BK 
999 |c 16920  |d 16920 
952 |0 1  |1 0  |4 0  |6 425_000000000000000_ZAN_H  |7 0  |9 16919  |a UL  |b UL  |c ST1  |d 1998-09-01  |l 0  |o 425 ZAN/H  |p 25494  |r 2012-10-27  |v 55.47  |w 2012-10-27  |y BK  |k BP .75